000 00220nam a22000977a 4500
999 _c16182
_d16182
003 OSt
008 200616b ||||| |||| 00| 0 eng d
100 _aClifford Leech
_94601
245 _aThe John Fletcher plays
942 _cBK